Tan de repente : Suddenly /

Marcia, a lonely lingerie salesclerk in Buenos Aires, lives a life of dreary routine after having been dumped by her boyfriend. But her dreams of romance are unexpectedly answered when a pair of feisty leather-jacketed, crop-haired lesbian punks, Lenin and Mao, accost her on the street.

Bibliographic Details
Corporate Authors: Empire Pictures (Firm), Instituto Nacional de Cine y Artes Audiovisuales (Argentina), Nylon Cine
Other Authors: Lerman, Diego, 1976-, Stantic, Lita, Meira, María, Saphir, Tatiana, Crespo, Carla, Hassan, Verónica, Thibaudin, Beatriz, Merlino, María, Ferrante, Marcos, Aira, César, 1949-
Format: Video DVD
Language:Spanish
Language Notes:Spanish dialogue with English subtitles.
Published: New York : Empire Pictures, [2002]
Subjects:

MARC

Tag First Indicator Second Indicator Subfields
LEADER 00000cgm a2200000Ia 4500
001 in00003441262
005 20151206102920.0
007 vd cvairs
008 051021s2002 nyu094 vlspa d
024 1 |a 843171005203 
028 4 2 |a DVD-EP-0520  |b Empire 
035 |a (OCoLC)ocm62127279 
035 |a (OCoLC)62127279 
040 |a WIQ  |c WIQ  |d OCLCQ  |d OCLCG  |d UPP  |d HTM  |d OCLCF  |d TXA  |d UtOrBLW 
041 1 |a spa  |j eng 
049 |a TXAM 
050 4 |a PN1997.25.A7  |b L476 T36 2002 dvd 
090 |a PN1995.9.F67  |b T357 2002 
245 0 0 |a Tan de repente :  |b Suddenly /  |c Empire Pictures, Instituto Nacional de Cinematografía y Artes Audiovisuales (INCAA), Lita Stantic & Nylon Cine ; una película de Diego Lerman ; dirigida por Diego Lerman ; guión, Diego Lerman, Maria Meira. 
246 1 1 |i Title on container and disc:  |a Suddenly 
264 1 |a New York :  |b Empire Pictures,  |c [2002] 
264 4 |c ©2002 
300 |a 1 videodisc (94 min.) :  |b sound, black and white ;  |c 4 3/4 in. 
336 |a two-dimensional moving image  |b tdi  |2 rdacontent 
337 |a video  |b v  |2 rdamedia 
338 |a videodisc  |b vd  |2 rdacarrier 
538 |a DVD. 
546 |a Spanish dialogue with English subtitles. 
500 |a Title from container. 
511 1 |a Tatiana Saphir, Carla Crespo, Verónica Hassan, Beatriz Thibaudin, María Merlino, Marcos Ferrante. 
508 |a Cinematography, Luciano Zito, Diego del Piano ; editing, Benjamin Ávila, Alberto Ponce ; original music, Juan Ignacio Bouscayrol. 
500 |a "Algunos personajes y situaciones fueron tomados de la novela La prueba de César Aira."--Closing credits. 
520 |a Marcia, a lonely lingerie salesclerk in Buenos Aires, lives a life of dreary routine after having been dumped by her boyfriend. But her dreams of romance are unexpectedly answered when a pair of feisty leather-jacketed, crop-haired lesbian punks, Lenin and Mao, accost her on the street. 
586 |a Festival International, Buenos Aires, Public Award & Jury Special Award ; Locarno, Silver Leopard, Special mention of the jury for the whole cast ; Silver Condor for Beatriz Thibaudin ; Biarritz Latin America Fim Fest, "Best actress" for Beatriz Thibaudin ; Viennale Film Fest, FIPRESCI Prize ; Huelva Iberoamericano Film Festival, Colon de Plata for best original script, Carabela de Plata for best new director ; Havana Latin American Film Fest, Best film, Best ensemble cast, 2002 ; Festival des 3 continents, Nantes, Prix Arte, 2002. Istanbul Film Fest, Best international film, "Golden Tulip," 2003. 
541 0 |a From the Department of Hispanic Studies, Texas A&M University, November 2013 
500 |a Videorecording. 
650 7 |a Películas cinematográficas populares.  |2 bidex 
650 7 |a Lesbianas  |z Argentina  |v Drama.  |2 bidex 
650 7 |a Mujeres, amistad  |z Argentina  |v Drama.  |2 bidex 
650 0 |a Lesbians  |z Argentina  |v Drama. 
650 0 |a Female friendship  |z Argentina  |v Drama. 
650 0 |a Punk culture  |z Argentina  |v Drama. 
650 0 |a Kidnapping  |z Argentina  |v Drama. 
650 7 |a Feature films.  |2 fast  |0 (OCoLC)fst00922105 
650 7 |a Female friendship.  |2 fast  |0 (OCoLC)fst00922609 
650 7 |a Kidnapping.  |2 fast  |0 (OCoLC)fst00987322 
650 7 |a Lesbians.  |2 fast  |0 (OCoLC)fst00996540 
650 7 |a Punk culture.  |2 fast  |0 (OCoLC)fst01084152 
650 7 |a Road films.  |2 fast  |0 (OCoLC)fst01098432 
651 7 |a Argentina.  |2 fast  |0 (OCoLC)fst01205614 
655 7 |a Drama.  |2 fast  |0 (OCoLC)fst01423879 
655 7 |a Foreign films.  |2 local 
655 7 |a Motion pictures, Argentine.  |2 local 
655 7 |a Motion pictures, Danish.  |2 local 
655 7 |a Feature films.  |2 lcgft 
655 7 |a Fiction films.  |2 lcgft 
700 1 |a Lerman, Diego,  |d 1976- 
700 1 |a Stantic, Lita. 
700 1 |a Meira, María. 
700 1 |a Saphir, Tatiana. 
700 1 |a Crespo, Carla. 
700 1 |a Hassan, Verónica. 
700 1 |a Thibaudin, Beatriz. 
700 1 |a Merlino, María. 
700 1 |a Ferrante, Marcos. 
700 1 |a Aira, César,  |d 1949-  |t Short stories.  |k Selections. 
710 2 |a Empire Pictures (Firm) 
710 2 |a Instituto Nacional de Cine y Artes Audiovisuales (Argentina) 
710 2 |a Nylon Cine. 
994 |a C0  |b TXA 
948 |a cataloged  |b h  |c 2014/8/15  |d c  |e blrosas  |f 12:41:35 pm 
999 |a MARS 
999 f f |s e6c2532b-723e-30ba-b343-7adca875d318  |i 4c2be8f5-c3c5-3884-a131-41048464200f  |t 0 
952 f f |p dvd  |a Texas A&M University  |b College Station  |c Sterling C. Evans Library  |d Evans: Media and Reserves (Annex 1st floor)  |t 0  |e PN1995.9.F67 T357 2002  |h Library of Congress classification  |i video -- videodisc  |m A14842733835 
998 f f |a PN1995.9.F67 T357 2002  |t 0  |l Evans: Media and Reserves (Annex 1st floor)